Sanat "Taivas korkealla" - Jarkko Ahola - Statistics

Yleistilastot
  • Tätä visaa on pelattu 7 kertaa
  • Keskiarvotulos 82 / 171
Vastaustilastot
Vastaus % Oikein
alla
100%
että
100%
ja
100%
jossain
100%
korkealla
100%
100%
niin
100%
on
100%
oot
100%
sen
100%
sinäkin
100%
taivas
100%
tänä
100%
tiedän
100%
yönä
100%
kaipaavan
50%
kaukaa
50%
kotiin
50%
Kuin
50%
kun
50%
maa
50%
maahan
50%
mustasta
50%
pieniä
50%
putoaa
50%
sun
50%
uskon
50%
valon
50%
aikaa
0%
alle
0%
häiveet
0%
hiljaa
0%
hohteessa
0%
hopeiset
0%
ikkunassa
0%
ilma
0%
jääkannen
0%
jostain
0%
jouluaamuun
0%
kalliot
0%
kanteen
0%
katsovan
0%
kauas
0%
kaunis
0%
käy
0%
kirkas
0%
kiviseen
0%
korsiin
0%
koski
0%
kuinka
0%
kuiviin
0%
kuohuna
0%
kuulla
0%
kynttilä
0%
lasihelmiä
0%
laulamaan
0%
metsät
0%
mietin
0%
missä
0%
ne
0%
nukkumaan
0%
nyt
0%
ootkaan
0%
oottaa
0%
paikallaan
0%
paitaan
0%
peiton
0%
pielessä
0%
pihamaa
0%
piirtyy
0%
portin
0%
pukeutuvat
0%
rantaan
0%
saa
0%
saakka
0%
siellä
0%
sitä
0%
soi
0%
soiko
0%
Sua
0%
sut
0%
syvän
0%
tähtiä
0%
taivaan
0%
tulet
0%
unta
0%
urut
0%
valkeaan
0%
valvoo
0%
vielä
0%
vieläkö
0%
virtaa
0%
voi
0%
Ehtoja vastaavia visoja ei löytynyt
Tulosjakauma
Jokaisen tuloksen saaneiden osuus
Persentiili vastausten määrän mukaan
Tuloshistoriasi
Et ole pelannut tätä visaa